000
00451nam a2200181Ia 4500
008
090124s9999 xx 000 0 und d
082
_b
20341
_a
2354
100
_a
बोरकर कमलाकर
245
_a
जखम
250
_a
1
260
_c
1974
300
_a
80
600
_a
बोरकर कमलाकर
630
_a
जखम
700
_a
बोरकर कमलाकर
730
_a
जखम
942
_c
BOOK
999
_c
134147
_d
134147